000 00557cam0a220019300 4500
001 qcf00320162
005 20190815105640.0
008 780711s1962 fr 000 0 fre d
035 _a(Sirsi) r121470
035 _a(QCAT)lss02020282
035 _a(UPRA)qcf00320162
040 _dUPRA
100 1 _aFourre, Pierre.
_6A23652.1
245 1 3 _aLa vengeance de Plouf /
_cillustration de P. Neveu.
260 _aParis :
_bDidier,
_cc1962.
490 0 _aLire et savoir, 1229
_6S13248.1
949 _aPC2115
_wlcc
_i-174681
_mMAIN
_tBOOK
_lON-SHELF
004 121470
999 _c68306
_d68306